Loading...
| Literature - American | 0 | 5 | 0 | 1 | 50 | 59 | 115.60 | 0 | 2 | 0.00 | 0.00 |
| Fine Arts - Other | 0 | 3 | 0 | 1 | 30 | 92 | 117.33 | 0 | 0 | 0.00 | 0.00 |
| History - European | 0 | 3 | 0 | 2 | 30 | 70 | 123.33 | 0 | 1 | 0.00 | 0.00 |
| Painting & Sculpture | 0 | 3 | 2 | 1 | 20 | 88 | 121.67 | 0 | 0 | 0.00 | 0.00 |
| History - American | 0 | 2 | 0 | 0 | 20 | 87 | 93.50 | 0 | 0 | 0.00 | 0.00 |
| Mythology | 0 | 2 | 0 | 0 | 20 | 100 | 107.50 | 0 | 0 | 0.00 | 0.00 |
| Literature - European | 0 | 2 | 0 | 0 | 20 | 80 | 114.00 | 0 | 1 | 0.00 | 0.00 |
| Current Events | 0 | 2 | 0 | 0 | 20 | 120 | 126.00 | 0 | 0 | 0.00 | 0.00 |
| Any History | 0 | 1 | 0 | 0 | 10 | 125 | 125.00 | 0 | 0 | 0.00 | 0.00 |
| Fine Arts - Classical Music | 0 | 1 | 0 | 0 | 10 | 101 | 101.00 | 0 | 1 | 0.00 | 0.00 |
| Other Academic | 0 | 1 | 0 | 0 | 10 | 123 | 123.00 | 0 | 0 | 0.00 | 0.00 |
| Philosophy | 0 | 1 | 0 | 1 | 10 | 133 | 133.00 | 0 | 0 | 0.00 | 0.00 |
| Religion | 0 | 1 | 0 | 0 | 10 | 120 | 120.00 | 0 | 0 | 0.00 | 0.00 |
| Social Science | 0 | 1 | 0 | 0 | 10 | 124 | 124.00 | 0 | 0 | 0.00 | 0.00 |
| Literature - British | 0 | 1 | 1 | 0 | 5 | 140 | 140.00 | 0 | 0 | 0.00 | 0.00 |
| Literature - World | 0 | 1 | 1 | 0 | 5 | 152 | 152.00 | 0 | 0 | 0.00 | 0.00 |
| Geography | 0 | 1 | 1 | 0 | 5 | 117 | 117.00 | 0 | 0 | 0.00 | 0.00 |
| History - World | 0 | 0 | 0 | 0 | 0 | 0.00 | 0 | 0 | 0.00 | 0.00 |